| 000 | 00667cam a2200205 a 4500 | ||
|---|---|---|---|
| 001 | 000019981 | ||
| 005 | 20250311111645.0 | ||
| 008 | 720315s1967 enk b 001 0 eng d | ||
| 040 |
_aDO-SdBNP _beng _cLC _dBNPHU |
||
| 082 |
_a301 _bM181t |
||
| 100 | 1 |
_aMadge, John, _d1914- _933695 |
|
| 245 | 1 | 4 |
_aThe tools of social science / _cJohn Madge. |
| 260 |
_aLondon : _bLongmans, _c1967. |
||
| 300 |
_ax, 308 p. : _bil. ; _c22 cm. |
||
| 504 | _aIncluye notas al píe de las páginas | ||
| 504 | _aIncluye referencias bibliográficas: 295-304. | ||
| 650 | 0 |
_aCiencias sociales -- _xMetodología _97482 |
|
| 650 | 4 |
_aCiencias sociales _xInvestigaciones _92113 |
|
| 049 | _aBNGR | ||
| 999 |
_c19493 _d19493 |
||